00253 a2200109 4500245005500000100001800055700001500073700001900088260000900107300001300116035001400129 aHormones : aspects fondamentaux et physiologiques  aBanlieu, E.E. aCorvol, P. aDesbuquois, B. c1978 aX-548 p. a3192-3195